Political Parties of South Korea - Statistics

General Stats
  • This quiz has been taken 30 times
  • The average score is 4 of 7
Answer Stats
Ideology Answer % Correct
Liberalism Democratic Party
100%
Conservatism People Power Party
92%
Universal Basic Income Basic Income Party
50%
Social Democracy Social Democratic Party
50%
Conservatism New Reform Party
42%
Progressivism Progressive Party
42%
ProgressivismLiberalism Reformism Rebuilding Korea Party
33%
No matching quizzes found
Score Distribution
Percent of People with Each Score
Percentile by Number Answered
Your Score History
You have not taken this quiz